000 00489nam a2200181Ia 4500
001 11321
005 20260306162819.0
008 260306t2006||||xx |||||||||||||| ||spa||
041 _aESP
082 _a985.033
_bR84
100 _aRosas Lauro, Claudia
_eAUT
245 0 _aDel trono a la guillotina:
_bel impacto de la Revolución Francesa en el Perú (1789-1808)
260 _c2006
300 _a287 páginas :
_c24 cm.
650 _aGEN
654 _aCHU
942 _cLIB
_dJUS
_fJUS
_2ddc
_n
999 _c11321
_d11321